o-Deklination (2. Deklination): Substantive auf -er. 1. puer - Statistiken

Allgemein
  • Dieses Quiz wurde 22 mal gespielt
  • Das Durchschnittsergebnis liegt bei 11 aus 12
Antwortstatistiken
Hint Antwort % Korrekt
Nom. Sg. puer
100%
Gen. Sg. puerī
100%
Nom. Pl. puerī
100%
Dat. Sg. puerō
100%
Abl. Sg. puerō
100%
Vok. Sg. puer
94%
Akk. Sg. puerum
94%
Akk. Pl. puerōs
88%
Vok. Pl. puerī
82%
Dat. Pl. puerīs
82%
Abl. Pl. puerīs
82%
Gen. Pl. puerōrum
82%
Keine übereinstimmenden Quizze gefunden
Verteilung der Resultate
Anzahl Personen mit jedem Resultat
Perzentil nach korrekt beantworteten Fragen
Ihre Resultats-Entwicklung
Sie haben dieses Quiz noch nicht gespielt